| 000 | 00772cam a2200229 a 4500 | ||
|---|---|---|---|
| 001 | 000005144 | ||
| 005 | 20200929151606.0 | ||
| 008 | 900124s1983 sp 000 0 spa d | ||
| 020 | _a8400054997 | ||
| 040 |
_aDO-SdBNP _bspa _cLC _dBNPHU |
||
| 050 | 0 | 0 | _aMLCM 90/02182 (P) |
| 082 |
_ann* _bA775m |
||
| 100 | 1 |
_aArribas, Oscar, _d1954- _914722 |
|
| 245 | 1 | 0 |
_aMaquinaciones poéticas / _cOscar Arribas. |
| 260 |
_aZaragoza : _bInstitución "Fernando el Católico", _c1983. |
||
| 300 |
_a80 p. ; _c25 cm. |
||
| 490 | 1 |
_a"San Jorge" ; _v36 |
|
| 490 | 1 | _aPublicación núm. 950 de la Institución "Fernando el Católico" | |
| 830 | 0 |
_aPublicación ... de la Institución "Fernando el Católico" ; _vno. 950. _914723 |
|
| 910 | _aCatalogación por copia / LC | ||
| 049 | _aBNGR | ||
| 999 |
_c4947 _d4947 |
||